Relaciónes humanas (bibliografia) /

Guardado en:
Formato: Libro
Publicado: : , 0
Materias:
Fc
Etiquetas: Agregar Etiqueta
Sin Etiquetas, Sea el primero en etiquetar este registro!
LEADER 00341nam a22001335a 4500
001 CEM.cems007730
005 20060214000000.0
008 130507b######################000#0#####d
003 CEMS
082 0 4 |a F301 
245 0 0 |a Relaciónes humanas (bibliografia) / 
260 |a  :  |b , 0 
653 |a Fc 
859 |a CEMS  |b BIB. CEMS - 11 de abril  |h F301  |i 11  |p 94.44  |t Ej.1